000 00665nam a2200217Ii 4500
003 JO-AjNU
008 230605s9999||||xx |||||||||||||| ||und||
017 _a2012/3/1002
020 _a978-9957-568-05-4
040 _aJO-AjNU
_bara
_erda
_cJO-AjNU
041 _aara
050 1 4 _aPJ7852.A36.M33 2013
100 3 _aتأليف هدى، نادر,
_eauthor
_949522
245 0 0 _aماء الغواية
264 3 1 _aعمان:دار البيروني للنشر والتوزيع،2013
300 _a233ص
336 _atext
_btxt
_2rdacontent
337 _aunmediated
_bn
_2rdamedia
338 _avolume
_bnc
_2rdacarrier
650 4 _aالشعر العربي
_949523
999 _aA21756
_c25324
_d25324